The outer layers of a star (Record no. 3152)

MARC details
000 -LEADER
fixed length control field 00643nam a2200205Ia 4500
003 - CONTROL NUMBER IDENTIFIER
control field IN-BaIIA
008 - FIXED-LENGTH DATA ELEMENTS--GENERAL INFORMATION
fixed length control field 211028s9999 xx 000 0 eng d
040 ## - CATALOGING SOURCE
Transcribing agency IIA Library
080 ## - UNIVERSAL DECIMAL CLASSIFICATION NUMBER
Universal Decimal Classification number 524.3-852
Item number WOO
100 ## - MAIN ENTRY--PERSONAL NAME
Personal name Woolley, R. V. D. R.
9 (RLIN) 1449
245 #4 - TITLE STATEMENT
Title The outer layers of a star
Statement of responsibility, etc. Woolley R. V. D. R. and Stibbs, D. W. N.
260 ## - PUBLICATION, DISTRIBUTION, ETC.
Place of publication, distribution, etc. Oxford
Name of publisher, distributor, etc. The Clarendon Press
Date of publication, distribution, etc. 1953
300 ## - PHYSICAL DESCRIPTION
Extent xi, 306p.
490 ## - SERIES STATEMENT
Series statement The International series of monographs on physics
650 ## - SUBJECT ADDED ENTRY--TOPICAL TERM
Topical term or geographic name entry element Astronomy and astrophysics thesaurus
650 ## - SUBJECT ADDED ENTRY--TOPICAL TERM
Topical term or geographic name entry element Stellar atmospheres
9 (RLIN) 1135
650 ## - SUBJECT ADDED ENTRY--TOPICAL TERM
Topical term or geographic name entry element Stellar evolution
700 ## - ADDED ENTRY--PERSONAL NAME
Personal name Stibbs, D. W. N.
9 (RLIN) 5593
942 ## - ADDED ENTRY ELEMENTS (KOHA)
Koha item type Books
Holdings
Withdrawn status Lost status Damaged status Not for loan Home library Current library Shelving location Date acquired Cost, normal purchase price Total Checkouts Full call number Barcode Date last seen Cost, replacement price Price effective from Koha item type Purchase Price
        IIA Library-Bangalore IIA Library-Bangalore General Stacks 28/12/1968 58.55   524.3-852/ WOO 3505 05/11/2021 58.55 28/12/1968 Books Rs. 58.55

Powered by Koha